Le grandi battaglie della prima età contemporanea - Statistics

Statistiche generali
  • Questo quiz è stato fatto 39 volte
  • Il punteggio medio è 14 su 53
Statistiche sulle risposte
Data Guerre Battaglie % Corretto
18 giugno 1815 Guerre napoleoniche Battaglia di Waterloo
85%
20 settembre 1870 Liberazione di Roma Breccia di Porta Pia
75%
1° marzo 1896 Guerra d'Abissinia Battaglia di Adua
70%
2 dicembre 1805 Guerre napoleoniche Battaglia di Austerlitz
65%
18-22 marzo 1848 Prima guerra d'indipendenza italiana Cinque giornate di Milano
65%
19 settembre 1870 - 28 gennaio 1871 Guerra franco-prussiana Assedio di Parigi
55%
25 luglio 1848 Prima guerra d'indipendenza italiana Battaglia di Custoza
50%
24 giugno 1866 Terza guerra d'indipendenza italiana Battaglia di Custoza
50%
1° settembre 1870 Guerra franco-prussiana Battaglia di Sedan
50%
24 giugno 1859 Seconda guerra d'indipendenza italiana Battaglia di Solferino e San Martino
50%
30 aprile - 30 giugno 1849 Prima guerra d'indipendenza italiana Assedio di Roma
45%
16-18 ottobre 1813 Guerre napoleoniche Battaglia delle Nazioni
45%
21 ottobre 1805 Guerre napoleoniche Battaglia di Trafalgar
45%
21 luglio 1798 Campagna di Napoleone in Egitto Battaglia delle Piramidi
40%
1-3 luglio 1863 Guerra di secessione americana Battaglia di Gettysburg
40%
20 giugno - 14 agosto 1900 Rivolta dei Boxer Assedio di Pechino
35%
1° agosto 1798 Campagna di Napoleone in Egitto Battaglia di Abukir
35%
14 ottobre 1806 Guerre napoleoniche Battaglia di Jena-Auerstadt
35%
4 giugno 1859 Seconda guerra d'indipendenza italiana Battaglia di Magenta
35%
14 giugno 1800 Seconda campagna di Napoleone in Italia Battaglia di Marengo
30%
7 settembre 1812 Guerre napoleoniche Battaglia di Borodino
25%
15 maggio 1860 Impresa dei Mille Battaglia di Calatafimi
25%
23 febbraio - 6 marzo 1836 Guerra d'indipendenza del Texas Assedio di Alamo
20%
30 aprile - 22 agosto 1849 Prima guerra d'indipendenza italiana Assedio di Venezia
20%
20 luglio 1866 Terza guerra d'indipendenza italiana Battaglia di Lissa
20%
1° maggio 1898 Guerra ispano-americana Battaglia di Manila
20%
3 luglio 1866 Guerra austro-prussiana Battaglia di Sadowa
20%
20 settembre 1792 Guerre rivoluzionarie Battaglia di Valmy
20%
7 maggio 1825 - 25 aprile 1826 Guerra d'indipendenza greca Assedio di Missolungi
15%
27 agosto - 19 dicembre 1793 Guerre rivoluzionarie Assedio di Tolone
15%
1-2 ottobre 1860 Impresa dei Mille Battaglia del Volturno
15%
29 maggio 1848 Prima guerra d'indipendenza italiana Battaglia di Curtatone
15%
25 giugno 1876 Guerre indiane Battaglia di Little Big Horn
15%
3 novembre 1867 Campagna di Garibaldi per Roma Battaglia di Mentana
15%
30 arile 1848 Prima guerra d'indipendenza italiana Battaglia di Pastrengo
15%
5-6 luglio 1809 Guerre napoleoniche Battaglia di Wagram
15%
23 marzo - 1° aprile 1849 Prima guerra d'indipendenza italiana Dieci giornate di Brescia
15%
9 dicembre 1895 - 23 gennaio 1896 Guerra d'Abissinia Assedio di Macallè
10%
9 febbraio 1904 - 2 gennaio 1905 Guerra russo-giapponese Assedio di Porto Arturo
10%
28 novembre 1812 Guerre napoleoniche Battaglia della Beresina
10%
25 ottobre 1854 Guerra di Crimea Battaglia di Balaklava
10%
21 luglio 1866 Terza guerra d'indipendenza italiana Battaglia di Bezzecca
10%
21 luglio 1861 Guerra di secessione americana Battaglia di Bull Run
10%
18 settembre 1860 Guerra sabaudo-pontificia Battaglia di Castelfidardo
10%
26 gennaio 1887 Guerra d'Abissinia Battaglia di Dogali
10%
10 maggio 1796 Prima campagna di Napoleone in Italia Battaglia di Lodi
10%
27-28 maggio 1905 Guerra russo-giapponese Battaglia di Tsushima
10%
16 marzo - 6 aprile 1812 Guerre napoleniche Assedio di Badajoz
5%
13 ottobre 1899 - 17 maggio 1900 Guerra anglo-boera Assedio di Mafeking
5%
19 dicembre 1808 - 21 febbraio 1809 Guerre napoleoniche Assedio di Saragozza
5%
6 novembre 1792 Guerre rivoluzionarie Battaglia di Jemappes
5%
1° novembre 1912 Prima guerra balcanica Battaglia di Luleburgaz
5%
8 gennaio 1815 Guerra del 1812 Battaglia di New Orleans
5%
Nessun quiz corrispondente trovato
Distribuzione punteggi
Percentuale di utenti per punteggio
Percentile per numero di risposta
I tuoi punteggi nel tempo
Non hai fatto questo quiz